000 00393nam a2200157 i 4500
001 31465
003 ES-MaACL
005 20230906154402.0
007 t|
008 030129s1976 sp ||||1| spa d
100 1 _aBenet, Juan.
_927536
245 1 0 _aEn ciernes /
_cJuan Benet.
260 _a[Madrid] :
_bTaurus,
_c[1976]
300 _a117 p. ;
_c21 cm.
852 _aES-MaACL
_jA-5661
_bR.94636
999 _c31465
_d31465